| 000 | 00535nam a2200145Ia 4500 | ||
|---|---|---|---|
| 008 | 140724s9999 xx 000 0 und d | ||
| 050 |
_aNC 997 _b.C264 2010 |
||
| 100 | _aCarbonell, Mario Joesef T. | ||
| 245 |
_a"Filipino Advertising" : _ban informercial on the identity of Filipino in Philippine advertising / _cMario Joesef T. Carbonell. |
||
| 260 |
_aLas PiƱas, Philippines : _bSouthville International School and Colleges, _cc2010. |
||
| 300 |
_a53 p. : _bill. ; _c28 cm. |
||
| 521 | _aMedia Arts | ||
| 942 | _cTH | ||
| 999 |
_c228943 _d228943 |
||